تحميل...
True at first light
| المؤلف الرئيسي: | |
|---|---|
| التنسيق: | Printed Book |
| منشور في: |
London
arrow books
1999
|
| LEADER | 00434 a2200133 4500 | ||
|---|---|---|---|
| 020 | |a 978099282129 | ||
| 082 | |a 813 HEM/T | ||
| 100 | |a Hemingway,Ernest | ||
| 245 | |a True at first light |c Ernest Hemingway | ||
| 260 | |a London |b arrow books |c 1999 | ||
| 300 | |a 307p. | ||
| 942 | |c BK | ||
| 999 | |c 256010 |d 256010 | ||
| 952 | |0 0 |1 0 |4 0 |6 813_000000000000000_HEM_T |7 0 |9 284899 |a RUS |b RUS |c ST1 |d 2011-04-06 |g 0.00 |i 7638 |l 0 |o 813 HEM/T |p RUS7638 |r 2014-02-14 |w 2014-02-14 |y BK | ||